| 000 | 00764nam a22002297a 4500 | ||
|---|---|---|---|
| 005 | 20240305165401.0 | ||
| 007 | cr|||| |||| | ||
| 008 | 130114t2012 sp ||||| |||| 00| 0 spa d | ||
| 020 | _a978-84-9031-008-3 | ||
| 035 | _a6958 | ||
| 040 | _avLex | ||
| 090 |
_c3509 _d3509 |
||
| 100 | 1 | 0 | _aBarrio Gallardo, Aurelio |
| 245 | 1 | 3 |
_aEl Largo camino hacia la libertad de testar _h[Recurso electrónico] : _bde la legítima al derecho sucesorio de alimentos Aurelio / _cAurelio Barra Gallardo |
| 256 | _aServicio en línea | ||
| 260 |
_aMadrid : _bDykinson, _c2012 |
||
| 300 | _a1 Recurso electrónico | ||
| 650 | _2Sucesiones | ||
| 740 | _avLex Libros (Servicio en línea) | ||
| 856 |
_aAcceso restringido _uhttp://www.vlex.com/source/6958 |
||
| 942 | _cRAA | ||
| 999 |
_c161899 _d161899 |
||